000 00574nam a2200229Ia 4500
008 210210b2004 xxu||||| |||| 00| 0 eng d
020 _a81 259 0553 7
082 _a658.1511 BHAA
100 _aBHATTACHARYYA (S K)
245 _aAccounting for management text and cases
260 _aND
_bVikas Publishing House Pvt Ltd.
_c2004
300 _axii,420
650 _atext
650 _amanagement
650 _afor
650 _acases
650 _aand
650 _aAccounting
690 _aManagement Accounting
700 _aDEARDEN (John)
906 _a059762
999 _c107055
_d107055